Visualizzazione normale
Vista MARC
- Dominguez A.
di Personal Name
Records bibliografici associati: 1
001 - CONTROL NUMBER
- control field: 23187
003 - CONTROL NUMBER IDENTIFIER
- control field: IT-RoPau
005 - DATE AND TIME OF LATEST TRANSACTION
- control field: 20140430162936.0
008 - FIXED-LENGTH DATA ELEMENTS
- fixed length control field: 140430|| aca||aabn | a|a d
040 ## - CATALOGING SOURCE
- Original cataloging agency: IT-RoPau
- Transcribing agency: IT-RoPau
100 ## - HEADING--PERSONAL NAME
- Personal name: Dominguez A.
- Dates associated with a name: Codice autore musica SPICS: 21793
- Relator term: Autore musica
- Name of part/section of a work: Frenesi
670 ## - SOURCE DATA FOUND
- Source citation: Work cat.: (IT-RoPau)99613: AA.VV. 794, Radio Days-Selections From The Soudtrack of The Motion Picture (Lp 83017)